[Event "VL 2016/17"]
[Site "Mecklenburg/Vorpommern"]
[Date "2016.10.16"]
[Round "1.1"]
[White "Jeske, Holger"]
[Black "Mehl, Ronald"]
[Result "0-1"]
[WhiteElo "1852"]
[BlackElo "2054"]
[PlyCount "56"]
[EventType "team-tourn"]
[EventRounds "9"]
[SourceDate "2016.10.16"]
[WhiteTeam "SSC Rostock II"]
[BlackTeam "FHSG Stralsund"]

1. d4 Nf6 2. Nf3 e6 3. b3 b6 4. Bb2 Bb7 5. Nbd2 Bb4 6. c3 Be7 7. Qc2 d5 8. e3
O-O 9. Bd3 Nbd7 10. O-O c5 11. Ne5 Bd6 12. f4 a6 13. Rf3 b5 14. Rh3 h6 15. Rf1
c4 16. Be2 Ne4 17. Nxe4 cxb3 18. axb3 dxe4 19. c4 Rc8 20. c5 Bxe5 21. fxe5 Bd5
22. Bd1 f6 23. b4 fxe5 24. Rxf8+ Qxf8 25. dxe5 a5 26. Qe2 Bc4 27. Qf2 Qxf2+ 28.
Kxf2 axb4 0-1

[Event "VL 2016/17"]
[Site "Mecklenburg/Vorpommern"]
[Date "2016.10.16"]
[Round "1.3"]
[White "Moritz, Hartmut"]
[Black "Glawe, Hartmut"]
[Result "0-1"]
[WhiteElo "1844"]
[BlackElo "1939"]
[PlyCount "74"]
[EventType "team-tourn"]
[EventRounds "9"]
[SourceDate "2016.10.16"]
[WhiteTeam "SSC Rostock II"]
[BlackTeam "FHSG Stralsund"]

1. e4 c5 2. c3 Nf6 3. e5 Nd5 4. d4 e6 5. Nf3 Nc6 6. a3 cxd4 7. cxd4 d6 8. Bc4
dxe5 9. dxe5 Be7 10. O-O O-O 11. b4 Qc7 12. Qe2 a6 13. Bb2 Nf4 14. Qe4 Ng6 15.
Rc1 Bd7 16. Nbd2 Rac8 17. Bd3 Qb8 18. h4 Rfd8 19. h5 Nf8 20. Nc4 Na7 21. Qg4
Be8 22. Nd6 Rxc1+ 23. Rxc1 Rd7 24. Ng5 f5 25. exf6 Bxd6 26. Bxh7+ Nxh7 27. f7+
Bxf7 28. Nxh7 Be5 29. Nf6+ Bxf6 30. Bxf6 Bxh5 31. Qxe6+ Rf7 32. Be5 Qf8 33. Bd4
Nc6 34. Bc5 Qd8 35. Rc4 Qf6 36. Qe8+ Kh7 37. g3 Qa1+ 0-1

[Event "VL 2016/17"]
[Site "Mecklenburg/Vorpommern"]
[Date "2016.10.16"]
[Round "1.4"]
[White "Kohn, Andreas"]
[Black "Herde, Dittmar"]
[Result "1/2-1/2"]
[WhiteElo "1917"]
[BlackElo "1829"]
[PlyCount "51"]
[EventType "team-tourn"]
[EventRounds "9"]
[SourceDate "2016.10.16"]
[WhiteTeam "FHSG Stralsund"]
[BlackTeam "SSC Rostock II"]

1. e4 c5 2. Nf3 d6 3. d4 cxd4 4. Nxd4 Nf6 5. Nc3 g6 6. Be3 Bg7 7. f3 Nc6 8. Qd2
O-O 9. O-O-O d5 10. exd5 Nxd5 11. Nxc6 bxc6 12. Nxd5 cxd5 13. Qxd5 Qc7 14. Qxa8
Bf5 15. Qxf8+ Kxf8 16. Bd3 Qe5 17. Bxf5 Qxe3+ 18. Kb1 e6 19. Be4 Qb6 20. b3 f5
21. Ba8 Qc7 22. Rd3 Qe5 23. c3 Qe2 24. Rhd1 Bxc3 25. Rxc3 Qxd1+ 26. Kb2 1/2-1/2

[Event "VL 2016/17"]
[Site "Mecklenburg/Vorpommern"]
[Date "2016.10.16"]
[Round "1.5"]
[White "Nour, Alaa"]
[Black "Paulowitz, Bernd Rainer"]
[Result "0-1"]
[WhiteElo "2008"]
[BlackElo "1892"]
[PlyCount "128"]
[EventType "team-tourn"]
[EventRounds "9"]
[SourceDate "2016.10.16"]
[WhiteTeam "SSC Rostock II"]
[BlackTeam "FHSG Stralsund"]

1. e4 c5 2. c3 d5 3. e5 c4 4. d4 cxd3 5. Bxd3 Nc6 6. Nf3 g6 7. Qa4 Bd7 8. Qd1
Bg4 9. Be2 Bg7 10. Bf4 e6 11. Nbd2 Nge7 12. h3 Bxf3 13. Nxf3 Qc7 14. Bb5 a6 15.
Bxc6+ Nxc6 16. Qe2 O-O 17. O-O Rad8 18. Rad1 b5 19. a3 Rc8 20. Rfe1 Qb8 21. Qe3
Na5 22. Bg5 Rc4 23. Rd4 Rfc8 24. Bf6 h6 25. Bxg7 Kxg7 26. Qf4 R8c7 27. Qf6+ Kh7
28. Red1 Qh8 29. Qh4 Qe8 30. Nh2 Qe7 31. Qg3 Nb3 32. Rf4 Rxf4 33. Qxf4 Rc4 34.
Qf3 Nc5 35. Ng4 Nd7 36. Qe3 h5 37. b3 Re4 38. Qh6+ Kg8 39. f3 Re2 40. Nf6+ Nxf6
41. Qg5 Qa7+ 42. Kh2 Nh7 43. Qf4 Qf2 44. Rg1 g5 45. Qg3 Qxg3+ 46. Kxg3 Rxe5 47.
Rc1 Re2 48. c4 dxc4 49. bxc4 Nf6 50. c5 Rd2 51. c6 Rd8 52. h4 gxh4+ 53. Kxh4
Rc8 54. Kg5 Kg7 55. Kf4 Kf8 56. Kg5 Ke7 57. Rc2 Rc7 58. a4 b4 59. Rc4 a5 60.
Rc5 Nd5 61. g3 Kd6 62. Rxa5 Rxc6 63. Kxh5 b3 64. Ra8 b2 0-1

[Event "VL 2016/17"]
[Site "Mecklenburg/Vorpommern"]
[Date "2016.10.16"]
[Round "1.6"]
[White "Kohn, Thomas"]
[Black "Maertin, Heinz"]
[Result "1/2-1/2"]
[WhiteElo "1857"]
[BlackElo "1742"]
[PlyCount "36"]
[EventType "team-tourn"]
[EventRounds "9"]
[SourceDate "2016.10.16"]
[WhiteTeam "FHSG Stralsund"]
[BlackTeam "SSC Rostock II"]

1. Nf3 c5 2. e4 d6 3. d4 cxd4 4. Nxd4 Nf6 5. Nc3 a6 6. Be3 e6 7. f3 Qc7 8. Qd2
Nbd7 9. g4 Ne5 10. h4 Be7 11. h5 h6 12. O-O-O Bd7 13. Be2 Nc4 14. Bxc4 Qxc4 15.
g5 hxg5 16. h6 Rxh6 17. Bxg5 Rxh1 18. Rxh1 O-O-O 1/2-1/2

[Event "VL 2016/17"]
[Site "Mecklenburg/Vorpommern"]
[Date "2016.10.16"]
[Round "1.7"]
[White "Menkhaus, Wolf Dieter"]
[Black "Giese, Lothar"]
[Result "1/2-1/2"]
[WhiteElo "1800"]
[BlackElo "1795"]
[PlyCount "31"]
[EventType "team-tourn"]
[EventRounds "9"]
[SourceDate "2016.10.16"]
[WhiteTeam "SSC Rostock II"]
[BlackTeam "FHSG Stralsund"]

1. d4 d5 2. c4 c6 3. Nf3 Nf6 4. e3 e6 5. Nc3 Bd6 6. Qc2 Nbd7 7. Bd3 dxc4 8.
Bxc4 O-O 9. e4 e5 10. d5 Nb6 11. Bb3 Bg4 12. dxc6 bxc6 13. Be3 Bxf3 14. gxf3
Bb4 15. a3 Be7 16. Qe2 1/2-1/2

[Event "VL 2016/17"]
[Site "Mecklenburg/Vorpommern"]
[Date "2016.10.16"]
[Round "1.8"]
[White "Manke, Karsten"]
[Black "Wurst, Benedikt"]
[Result "0-1"]
[WhiteElo "1746"]
[BlackElo "1575"]
[PlyCount "36"]
[EventType "team-tourn"]
[EventRounds "9"]
[SourceDate "2016.10.16"]
[WhiteTeam "FHSG Stralsund"]
[BlackTeam "SSC Rostock II"]

1. e4 e5 2. Nf3 Nc6 3. d4 exd4 4. Nxd4 Bc5 5. Be3 Qf6 6. c3 Nge7 7. Be2 Ng6 8.
Qd2 h6 9. O-O O-O 10. b4 Nxd4 11. cxd4 Bb6 12. Nc3 c6 13. e5 Qe6 14. Ne4 d5 15.
exd6 Qxe4 16. Bc4 Be6 17. Bd3 Qd5 18. Bc2 Bf5 0-1

[Event "VL 2016/17"]
[Site "Mecklenburg/Vorpommern"]
[Date "2016.10.16"]
[Round "1.1"]
[White "Littke, Helmut"]
[Black "Ispirjan, Mikael"]
[Result "0-1"]
[WhiteElo "1967"]
[BlackElo "1998"]
[PlyCount "96"]
[EventType "team-tourn"]
[EventRounds "9"]
[SourceDate "2016.10.16"]
[WhiteTeam "ASV Wismar"]
[BlackTeam "SAV Torgelow"]

1. Nf3 Nf6 2. c4 c5 3. Nc3 e6 4. g3 b6 5. Bg2 Bb7 6. O-O Be7 7. e3 O-O 8. d4
cxd4 9. exd4 Qc8 10. b3 d5 11. Ne5 dxc4 12. bxc4 Bxg2 13. Kxg2 Nc6 14. Be3 Rd8
15. Qf3 Nxd4 16. Bxd4 Rxd4 17. Nc6 Rd7 18. Rfd1 Rc7 19. Nxe7+ Rxe7 20. Ne4 Nxe4
21. Qxe4 Qb7 22. Qxb7 Rxb7 23. a4 a5 24. Rd6 g6 25. Rc6 Rd8 26. c5 bxc5 27.
Rxc5 Rd5 28. Rc8+ Kg7 29. Ra2 Kf6 30. Rc6 Rbd7 31. Kf3 Re5 32. Rc4 Rd3+ 33. Kg2
Rb3 34. Rd2 g5 35. h4 h6 36. hxg5+ hxg5 37. Rdc2 Rd5 38. Re4 Rbd3 39. Rec4 R3d4
40. R2c3 Rd2 41. Rb3 R2d4 42. Rbc3 Ke5 43. Kf3 f5 44. Ke3 Rxc4 45. Rxc4 Kd6 46.
Rc8 Re5+ 47. Kd3 Re4 48. Rd8+ Ke5 0-1

[Event "VL 2016/17"]
[Site "Mecklenburg/Vorpommern"]
[Date "2016.10.16"]
[Round "1.2"]
[White "Schmekel, Florian"]
[Black "Stutz, Reno"]
[Result "1-0"]
[WhiteElo "1959"]
[BlackElo "1951"]
[PlyCount "99"]
[EventType "team-tourn"]
[EventRounds "9"]
[SourceDate "2016.10.16"]
[WhiteTeam "SAV Torgelow"]
[BlackTeam "ASV Wismar"]

1. d4 d5 2. c4 e5 3. dxe5 d4 4. Nf3 Nc6 5. g3 Nge7 6. Bg2 Ng6 7. O-O Bg4 8.
Nbd2 Qd7 9. Nb3 O-O-O 10. Bg5 Be7 11. Bxe7 Qxe7 12. Qd2 Bxf3 13. Bxf3 Ngxe5 14.
Bd5 d3 15. Qe3 dxe2 16. Qxe2 Rhe8 17. f4 Nd7 18. Qxe7 Rxe7 19. Rfe1 Rxe1+ 20.
Rxe1 Nb4 21. Bxf7 Nxa2 22. Be6 b6 23. Nd4 Nb4 24. Rd1 g6 25. Nf3 Na6 26. Ne5
Nab8 27. Bxd7+ Nxd7 28. Nc6 Re8 29. Nxa7+ Kd8 30. Nc6+ Kc8 31. Kf2 Re4 32. Rd4
Re6 33. Na7+ Kd8 34. Nb5 Rc6 35. b3 Ke8 36. Re4+ Kf7 37. Re3 Nf6 38. Kf3 h5 39.
h3 Nd7 40. g4 hxg4+ 41. hxg4 Nc5 42. g5 Ne6 43. Kg4 Rc5 44. Re4 Rc6 45. Re5 Ng7
46. Rd5 Ke7 47. Nd4 Rd6 48. Rxd6 Kxd6 49. f5 gxf5+ 50. Nxf5+ 1-0

[Event "VL 2016/17"]
[Site "Mecklenburg/Vorpommern"]
[Date "2016.10.16"]
[Round "1.3"]
[White "Schulz, Bernd"]
[Black "Zentgraf, Robert"]
[Result "0-1"]
[WhiteElo "1875"]
[BlackElo "2099"]
[PlyCount "124"]
[EventType "team-tourn"]
[EventRounds "9"]
[SourceDate "2016.10.16"]
[WhiteTeam "ASV Wismar"]
[BlackTeam "SAV Torgelow"]

1. e4 c5 2. Nf3 g6 3. d4 cxd4 4. Nxd4 Bg7 5. Nc3 Nc6 6. Be3 d6 7. Qd2 Nf6 8.
Be2 O-O 9. f3 Nxd4 10. Bxd4 Be6 11. O-O Qa5 12. Rfd1 Rfc8 13. Bd3 Nd7 14. Bxg7
Kxg7 15. Kh1 Ne5 16. f4 Nc4 17. Bxc4 Rxc4 18. f5 Bd7 19. f6+ exf6 20. Qxd6 Be6
21. Qf4 Qe5 22. Qf2 b5 23. a3 a5 24. Rf1 Rac8 25. Rac1 R4c5 26. Rfe1 Rc4 27.
Rf1 R8c6 28. Nd5 Bxd5 29. exd5 Qxd5 30. c3 f5 31. Rcd1 Qc5 32. Qxc5 R6xc5 33.
Rd2 b4 34. axb4 axb4 35. cxb4 Rxb4 36. Re1 Rcb5 37. Ree2 Re4 38. Kg1 Kf6 39.
Kf1 Ke5 40. Ke1 h5 41. Kd1 Kf4 42. Kc1 Rc5+ 43. Kb1 h4 44. b3 h3 45. g3+ Kg4
46. Kb2 Rxe2 47. Rxe2 Kf3 48. Rd2 f4 49. gxf4 Rf5 50. b4 Rxf4 51. Kc3 Rh4 52.
b5 f5 53. Rd6 g5 54. Rd5 g4 55. b6 f4 56. b7 Rh8 57. Rd3+ Kg2 58. Rd2+ Kg1 59.
Kd3 Re8 60. Rb2 f3 61. b8=Q Rxb8 62. Rxb8 f2 0-1

[Event "VL 2016/17"]
[Site "Mecklenburg/Vorpommern"]
[Date "2016.10.16"]
[Round "1.4"]
[White "Ehlers, Michael"]
[Black "Podolskiy, Alexander"]
[Result "1/2-1/2"]
[WhiteElo "1881"]
[BlackElo "1871"]
[PlyCount "64"]
[EventType "team-tourn"]
[EventRounds "9"]
[SourceDate "2016.10.16"]
[WhiteTeam "SAV Torgelow"]
[BlackTeam "ASV Wismar"]

1. e4 e5 2. Nf3 d6 3. Bc4 Be7 4. d4 exd4 5. Nxd4 Nf6 6. Nc3 O-O 7. O-O a6 8. a4
Nbd7 9. Nf5 Ne5 10. Nxe7+ Qxe7 11. Bb3 h6 12. Bd2 b6 13. Re1 Bb7 14. f4 Ng6 15.
Qf3 Rae8 16. Re2 Nxe4 17. Qg4 Qf6 18. Rae1 d5 19. Kh1 Qd6 20. Nxe4 dxe4 21. Bc3
Kh7 22. f5 Ne5 23. Qg3 b5 24. Rd2 Qe7 25. axb5 axb5 26. Bd5 Bxd5 27. Rxd5 f6
28. Rxe4 Qf7 29. Rxb5 Qd7 30. Ra5 Qxf5 31. Re1 Qxc2 32. h3 Qg6 1/2-1/2

[Event "VL 2016/17"]
[Site "Mecklenburg/Vorpommern"]
[Date "2016.10.16"]
[Round "1.5"]
[White "Junggebauer, Thomas"]
[Black "Bauer, Norbert"]
[Result "1/2-1/2"]
[WhiteElo "1849"]
[BlackElo "1965"]
[PlyCount "45"]
[EventType "team-tourn"]
[EventRounds "9"]
[SourceDate "2016.10.16"]
[WhiteTeam "ASV Wismar"]
[BlackTeam "SAV Torgelow"]

1. e4 c5 2. Nf3 Nc6 3. d4 cxd4 4. Nxd4 Nf6 5. Nc3 e5 6. Nf3 Bb4 7. Bc4 O-O 8.
O-O h6 9. Qd3 d6 10. Nd5 Nxd5 11. Bxd5 Qe7 12. c3 Bc5 13. Rd1 Be6 14. b4 Bb6
15. a4 Rad8 16. a5 Bc7 17. a6 Bb6 18. axb7 Qxb7 19. Ba3 Qc8 20. Rac1 Ne7 21.
Bxe6 Qxe6 22. b5 Ng6 23. Qd5 1/2-1/2

[Event "VL 2016/17"]
[Site "Mecklenburg/Vorpommern"]
[Date "2016.10.16"]
[Round "1.6"]
[White "Bress, Aaron"]
[Black "Borchert, Ulf"]
[Result "0-1"]
[WhiteElo "1670"]
[BlackElo "1830"]
[PlyCount "148"]
[EventType "team-tourn"]
[EventRounds "9"]
[SourceDate "2016.10.16"]
[WhiteTeam "SAV Torgelow"]
[BlackTeam "ASV Wismar"]

1. e4 g6 2. d4 d6 3. f4 Bg7 4. Nc3 f5 5. Nf3 fxe4 6. Nxe4 Nf6 7. Nxf6+ exf6 8.
Be2 c6 9. O-O O-O 10. c4 Bg4 11. Qb3 Qb6 12. Qxb6 axb6 13. Bd2 Nd7 14. h3 Bxf3
15. Bxf3 f5 16. Bc3 Rfe8 17. a3 Nf6 18. d5 Ne4 19. Bxg7 Kxg7 20. Rfd1 c5 21.
Rd3 Nf6 22. a4 Ra5 23. Rb3 Nd7 24. Kf2 Ra6 25. a5 Ra7 26. Rba3 bxa5 27. Rxa5
Rxa5 28. Rxa5 Nf6 29. Rb5 Re7 30. Rb6 Rd7 31. Ke3 h5 32. Kd3 Kf7 33. Bd1 Ke7
34. Ba4 Rc7 35. Rb5 Ne4 36. Ra5 Kf6 37. Ra8 Re7 38. Rd8 g5 39. Rf8+ Kg6 40.
fxg5 Kxg5 41. Bd1 Nf2+ 42. Kd2 Nxd1 43. Kxd1 Kf4 44. Rf6 Ke5 45. Rh6 Rg7 46.
Re6+ Kd4 47. Rxd6 Kxc4 48. Rd8 Rxg2 49. d6 Rxb2 50. Re8 Rb6 51. Rd8 Kd5 52. d7
Rd6 53. Rf8 Rxd7 54. Kc2 Ke4 55. Rh8 b5 56. Rxh5 Rg7 57. Rh8 Rg2+ 58. Kb3 Rg3+
59. Kc2 b4 60. h4 c4 61. Rf8 Kf3 62. h5 Rg2+ 63. Kc1 Rh2 64. Rc8 c3 65. Rc4
Rxh5 66. Rxb4 Rh3 67. Kc2 Ke2 68. Rf4 Rf3 69. Rh4 f4 70. Rh2+ Kf1 71. Rh1+ Kg2
72. Rh8 Rg3 73. Rf8 f3 74. Kd1 c2+ 0-1

[Event "VL 2016/17"]
[Site "Mecklenburg/Vorpommern"]
[Date "2016.10.16"]
[Round "1.7"]
[White "Roeder, Phillip"]
[Black "Kasel, Alexander"]
[Result "1-0"]
[WhiteElo "1847"]
[BlackElo "1707"]
[PlyCount "69"]
[EventType "team-tourn"]
[EventRounds "9"]
[SourceDate "2016.10.16"]
[WhiteTeam "ASV Wismar"]
[BlackTeam "SAV Torgelow"]

1. Nc3 c5 2. Nf3 e6 3. d4 cxd4 4. Nxd4 a6 5. a4 Qc7 6. e4 Bb4 7. Bd2 Nf6 8. Bd3
Bc5 9. Nb3 Bd6 10. g3 b6 11. f4 Bb7 12. Qe2 Bb4 13. O-O Qc6 14. Nd1 Bxd2 15.
Nxd2 d6 16. g4 Qc5+ 17. Ne3 Nxg4 18. Qxg4 Qxe3+ 19. Rf2 O-O 20. Kf1 Qd4 21. Re1
Qxa4 22. Nc4 Qc6 23. e5 f5 24. exf6 Rxf6 25. Qh4 h6 26. Ne3 Nd7 27. Ng4 Rff8
28. Qh5 Nf6 29. Nxh6+ gxh6 30. Qg6+ Kh8 31. Qxh6+ Kg8 32. Ke2 Kf7 33. Bg6+ Ke7
34. Qg7+ Kd8 35. Qxf8+ 1-0

[Event "VL 2016/17"]
[Site "Mecklenburg/Vorpommern"]
[Date "2016.10.16"]
[Round "1.8"]
[White "Troemer, Felix"]
[Black "Bahr, Enrico"]
[Result "0-1"]
[WhiteElo "1632"]
[BlackElo "1827"]
[PlyCount "54"]
[EventType "team-tourn"]
[EventRounds "9"]
[SourceDate "2016.10.16"]
[WhiteTeam "SAV Torgelow"]
[BlackTeam "ASV Wismar"]

1. e4 d5 2. exd5 Qxd5 3. Nc3 Qa5 4. d4 c6 5. Bc4 Nf6 6. Nf3 Bg4 7. Bb3 e6 8.
Bd2 Be7 9. h3 Bh5 10. g4 Bg6 11. Qe2 Nbd7 12. O-O-O Qc7 13. Rhe1 O-O-O 14. Nh4
Rhe8 15. Nxg6 hxg6 16. Qf3 Rf8 17. Ne4 Nxe4 18. Rxe4 Nf6 19. Bf4 Qb6 20. Ree1
Rxd4 21. Rxd4 Qxd4 22. Be3 Qe4 23. Qxe4 Nxe4 24. Bxa7 Ng5 25. Bd4 Nf3 26. Rd1
Rd8 27. Bxg7 Bg5+ 0-1

[Event "VL 2016/17"]
[Site "Mecklenburg/Vorpommern"]
[Date "2016.10.16"]
[Round "1.1"]
[White "Pruesse, Horst"]
[Black "Schinke, Andreas"]
[Result "1-0"]
[WhiteElo "2040"]
[BlackElo "2034"]
[PlyCount "51"]
[EventType "team-tourn"]
[EventRounds "9"]
[SourceDate "2016.10.16"]
[WhiteTeam "SG Neubrandenburg"]
[BlackTeam "Grevesmuehlen "]

1. e4 c5 2. Nc3 Nc6 3. Bb5 g6 4. Bxc6 dxc6 5. f4 Bg7 6. Nf3 Nf6 7. O-O O-O 8.
d3 e5 9. Nxe5 Qd4+ 10. Kh1 Nh5 11. Nc4 b6 12. f5 Re8 13. Qf3 Ba6 14. Be3 Qd7
15. Bg5 h6 16. Bh4 Bxc3 17. bxc3 Bxc4 18. dxc4 Ng7 19. Rad1 Qb7 20. Bf6 Nh5 21.
Rd6 Qc7 22. e5 Nxf6 23. Rxf6 gxf5 24. Rxf5 Re6 25. Rxf7 Qxe5 26. Qg4+ 1-0

[Event "VL 2016/17"]
[Site "Mecklenburg/Vorpommern"]
[Date "2016.10.16"]
[Round "1.2"]
[White "Naujok, Joerg"]
[Black "Rossmann, Andreas"]
[Result "1-0"]
[WhiteElo "1979"]
[BlackElo "1919"]
[PlyCount "101"]
[EventType "team-tourn"]
[EventRounds "9"]
[SourceDate "2016.10.16"]
[WhiteTeam "Grevesmuehlen "]
[BlackTeam "SG Neubrandenburg"]

1. Nf3 d5 2. g3 c5 3. Bg2 Nc6 4. d3 e5 5. Nbd2 Nf6 6. e4 Be7 7. O-O O-O 8. Re1
d4 9. Nc4 Qc7 10. a4 b6 11. Nh4 Be6 12. b3 a6 13. f4 Bg4 14. Bf3 Bxf3 15. Qxf3
b5 16. Nxe5 Nxe5 17. fxe5 Qxe5 18. Bf4 Qh5 19. Qxh5 Nxh5 20. Nf5 Rfe8 21. Nxe7+
Rxe7 22. Bd6 Rd7 23. Bxc5 Rc8 24. b4 Nf6 25. axb5 axb5 26. Ra5 Rb7 27. Bxd4 Nd7
28. c3 h6 29. Rea1 Rcc7 30. Ra7 Rxa7 31. Rxa7 Rxa7 32. Bxa7 Ne5 33. d4 Nf3+ 34.
Kg2 Ng5 35. d5 Nxe4 36. Bc5 Nf6 37. d6 Nd7 38. Kf3 f5 39. Kf4 g6 40. h4 h5 41.
Ke3 Kf7 42. Kd4 Ke6 43. c4 bxc4 44. Kxc4 Ke5 45. b5 Ke6 46. b6 Ne5+ 47. Kb5 Kd5
48. Be3 Nd7 49. b7 Kxd6 50. b8=Q+ Nxb8 51. Bf4+ 1-0

[Event "VL 2016/17"]
[Site "Mecklenburg/Vorpommern"]
[Date "2016.10.16"]
[Round "1.3"]
[White "Kunow, Frank"]
[Black "Boehme, Andy"]
[Result "0-1"]
[WhiteElo "1891"]
[BlackElo "1992"]
[PlyCount "86"]
[EventType "team-tourn"]
[EventRounds "9"]
[SourceDate "2016.10.16"]
[WhiteTeam "SG Neubrandenburg"]
[BlackTeam "Grevesmuehlen "]

1. Nf3 Nf6 2. c4 e6 3. g3 Nc6 4. Bg2 h6 5. O-O Be7 6. a3 a5 7. b3 Ne4 8. Bb2
Bf6 9. d4 d5 10. Qc2 Qe7 11. Nbd2 Nxd2 12. Qxd2 a4 13. b4 Bd7 14. Rac1 O-O 15.
Ne5 Qd6 16. Ng4 Bg5 17. f4 Bd8 18. Ne3 Ne7 19. b5 c6 20. c5 Qb8 21. b6 Nf5 22.
Ng4 f6 23. e4 dxe4 24. Bxe4 Ne7 25. Bb1 Nd5 26. f5 exf5 27. Bxf5 Bxf5 28. Rxf5
Qc8 29. Rcf1 Ne7 30. Nxf6+ Rxf6 31. Rxf6 gxf6 32. Qxh6 Nf5 33. Qg6+ Ng7 34. h4
Qe6 35. Bc1 Qf7 36. Qg4 f5 37. Qf3 Bf6 38. Be3 Rd8 39. Rd1 Qh5 40. Kg2 Qxf3+
41. Kxf3 Ne6 42. d5 cxd5 43. Bf4 Nxc5 0-1

[Event "VL 2016/17"]
[Site "Mecklenburg/Vorpommern"]
[Date "2016.10.16"]
[Round "1.4"]
[White "Streit, Bodo"]
[Black "Stoevesand, Peter"]
[Result "0-1"]
[WhiteElo "1766"]
[BlackElo "1851"]
[PlyCount "88"]
[EventType "team-tourn"]
[EventRounds "9"]
[SourceDate "2016.10.16"]
[WhiteTeam "Grevesmuehlen "]
[BlackTeam "SG Neubrandenburg"]

1. b4 d5 2. Bb2 Nf6 3. Nf3 Bf5 4. e3 e6 5. b5 Be7 6. c4 O-O 7. Nc3 Nbd7 8. cxd5
Nxd5 9. Nxd5 exd5 10. a4 Nc5 11. d4 Ne4 12. Ba3 c5 13. Nd2 c4 14. Bxe7 Qxe7 15.
Nxe4 Qxe4 16. Qc1 Rfe8 17. Ra3 Re6 18. f3 Qxd4 19. Kf2 Qb6 20. g4 Bg6 21. Be2
f5 22. gxf5 Bxf5 23. Rg1 Rg6 24. Rg3 Rd8 25. Qc3 Rxg3 26. hxg3 Qh6 27. g4 Qh2+
28. Ke1 Be6 29. Qd4 b6 30. Kd2 Qd6 31. Rc3 Bf7 32. Bd1 Qc5 33. Bc2 Qxd4+ 34.
exd4 Rd6 35. Ra3 Bg6 36. Bd1 Kf7 37. a5 Kf6 38. axb6 axb6 39. Ke3 Be8 40. Ra2
Bxb5 41. Rh2 h6 42. Rh5 Bc6 43. Rf5+ Ke7 44. g5 Bd7 0-1

[Event "VL 2016/17"]
[Site "Mecklenburg/Vorpommern"]
[Date "2016.10.16"]
[Round "1.5"]
[White "Witkowski, Rainer"]
[Black "Haase, Sebastian"]
[Result "1/2-1/2"]
[WhiteElo "1858"]
[BlackElo "1726"]
[PlyCount "53"]
[EventType "team-tourn"]
[EventRounds "9"]
[SourceDate "2016.10.16"]
[WhiteTeam "SG Neubrandenburg"]
[BlackTeam "Grevesmuehlen "]

1. e4 c5 2. Nf3 e6 3. c3 a6 4. d4 d5 5. dxc5 Bxc5 6. exd5 Qxd5 7. Qxd5 exd5 8.
Bf4 Nf6 9. Be5 Nbd7 10. Bd4 Bxd4 11. Nxd4 O-O 12. f3 Re8+ 13. Kf2 Ne5 14. Nd2
Nc6 15. N2b3 Nxd4 16. Nxd4 Bd7 17. Bd3 g6 18. Rad1 Rac8 19. Rd2 Kf8 20. Rhd1
Re7 21. Ne2 Bc6 22. g4 h6 23. Nf4 Rce8 24. Bxg6 Re3 25. Rd3 d4 26. cxd4 Bxf3
27. Rxe3 1/2-1/2

[Event "VL 2016/17"]
[Site "Mecklenburg/Vorpommern"]
[Date "2016.10.16"]
[Round "1.6"]
[White "Wulff, Jens Peter"]
[Black "Winkler, Karl"]
[Result "0-1"]
[WhiteElo "1581"]
[BlackElo "1844"]
[PlyCount "58"]
[EventType "team-tourn"]
[EventRounds "9"]
[SourceDate "2016.10.16"]
[WhiteTeam "Grevesmuehlen "]
[BlackTeam "SG Neubrandenburg"]

1. d4 Nf6 2. Nf3 e6 3. Bf4 c5 4. c3 cxd4 5. Nxd4 d6 6. Bg3 Ne4 7. e3 Nxg3 8.
hxg3 e5 9. Nf3 Bf5 10. Nbd2 Nc6 11. Nh4 Be6 12. Bd3 g6 13. Qc2 Bg7 14. O-O-O
Qa5 15. Nc4 Qc7 16. Kb1 d5 17. Na3 e4 18. Bb5 g5 19. f3 gxh4 20. fxe4 O-O-O 21.
exd5 Rxd5 22. Rxd5 Bxd5 23. Qf5+ Be6 24. Qc5 Bf8 25. Qh5 Qxg3 26. Bxc6 bxc6 27.
Qf3 Qxf3 28. gxf3 Bxa3 29. bxa3 h3 0-1

[Event "VL 2016/17"]
[Site "Mecklenburg/Vorpommern"]
[Date "2016.10.16"]
[Round "1.7"]
[White "Beier, Karsten"]
[Black "Henkel, Karl Heinz"]
[Result "1-0"]
[WhiteElo "1839"]
[BlackElo "1391"]
[PlyCount "62"]
[EventType "team-tourn"]
[EventRounds "9"]
[SourceDate "2016.10.16"]
[WhiteTeam "SG Neubrandenburg"]
[BlackTeam "Grevesmuehlen "]

1. d4 d5 2. c4 dxc4 3. e3 b5 4. a4 Bd7 5. axb5 Bxb5 6. Nc3 c6 7. Qf3 Nd7 8. g3
e6 9. Bg2 Bb4 10. Nge2 Ne7 11. O-O Nd5 12. e4 Nxc3 13. bxc3 Be7 14. Qg4 g6 15.
Bh6 Nf6 16. Qf3 Rg8 17. Bg5 Nh5 18. Bxe7 Qxe7 19. d5 e5 20. Rfd1 Rd8 21. Qe3 a6
22. Qb6 cxd5 23. exd5 Qd6 24. Qe3 Rd7 25. Nd4 Kf8 26. Qh6+ Rg7 27. Nxb5 axb5
28. Ra8+ Rd8 29. Rxd8+ Qxd8 30. d6 f5 31. Bc6 Nf6 1-0

[Event "VL 2016/17"]
[Site "Mecklenburg/Vorpommern"]
[Date "2016.10.16"]
[Round "1.8"]
[White "Weghofer, Reiner"]
[Black "Hartung, Lothar"]
[Result "0-1"]
[WhiteElo "1431"]
[BlackElo "1799"]
[PlyCount "62"]
[EventType "team-tourn"]
[EventRounds "9"]
[SourceDate "2016.10.16"]
[WhiteTeam "Grevesmuehlen "]
[BlackTeam "SG Neubrandenburg"]

1. d4 d5 2. c4 e6 3. Nc3 Nf6 4. Nf3 Be7 5. e3 c5 6. Be2 Nc6 7. O-O a6 8. a3
dxc4 9. Bxc4 b5 10. Be2 Bb7 11. dxc5 Bxc5 12. b4 Be7 13. Bb2 Qc7 14. Qc2 O-O
15. Ne4 Nxe4 16. Qxe4 Rad8 17. Qg4 g6 18. Rac1 f5 19. Qf4 Qxf4 20. exf4 Kf7 21.
Rfd1 h6 22. Ne5+ Nxe5 23. Bxe5 Rc8 24. Kf1 Bd5 25. g3 Rfd8 26. Ke1 g5 27. Rxc8
Rxc8 28. Kd2 a5 29. Rb1 axb4 30. axb4 Bc4 31. Bd3 Rd8 0-1

[Event "VL 2016/17"]
[Site "Mecklenburg/Vorpommern"]
[Date "2016.10.16"]
[Round "1.1"]
[White "Heinsohn, Wilfried"]
[Black "Ruesch, Hans Joachim"]
[Result "1/2-1/2"]
[WhiteElo "2092"]
[BlackElo "1962"]
[PlyCount "70"]
[EventType "team-tourn"]
[EventRounds "9"]
[SourceDate "2016.10.16"]
[WhiteTeam "SF Schwerin II"]
[BlackTeam "SF Ostsee Warnemünde"]

1. e4 g6 2. d4 Bg7 3. Nc3 d6 4. Be3 a6 5. a4 Nf6 6. h3 O-O 7. Nf3 Nc6 8. Qd2 e5
9. Bd3 Nh5 10. dxe5 dxe5 11. Nd5 Nd4 12. Nxd4 exd4 13. Bg5 f6 14. Bh6 Re8 15.
Bxg7 Kxg7 16. O-O c6 17. Nf4 Nxf4 18. Qxf4 Qe7 19. Rfe1 Qe5 20. Qd2 g5 21. Rf1
Be6 22. f4 gxf4 23. Rxf4 Re7 24. Raf1 Rf7 25. Rh4 Rg8 26. Qh6+ Kh8 27. Qf4 Rfg7
28. g4 Rg6 29. Kh1 Kg7 30. Qxe5 fxe5 31. Rh5 Rh6 32. Rg5+ Kh8 33. Rxg8+ Kxg8
34. Kg2 Kg7 35. Kg3 Rf6 1/2-1/2

[Event "VL 2016/17"]
[Site "Mecklenburg/Vorpommern"]
[Date "2016.10.16"]
[Round "1.2"]
[White "Schumacher, Dirk"]
[Black "Roehl, Rainer"]
[Result "1/2-1/2"]
[WhiteElo "1971"]
[BlackElo "2082"]
[PlyCount "99"]
[EventType "team-tourn"]
[EventRounds "9"]
[SourceDate "2016.10.16"]
[WhiteTeam "SF Ostsee Warnemünde"]
[BlackTeam "SF Schwerin II"]

1. e4 c5 2. Nf3 g6 3. d4 cxd4 4. Qxd4 Nf6 5. e5 Nc6 6. Qf4 Nd5 7. Qe4 Nc7 8.
Bc4 b5 9. Bb3 Bg7 10. Nc3 Bb7 11. Qe2 b4 12. Nd5 Nxd5 13. Bxd5 Qa5 14. Bxc6
Bxc6 15. O-O O-O 16. Re1 Bxf3 17. gxf3 d6 18. Bf4 dxe5 19. Bxe5 Bxe5 20. Qxe5
Qxe5 21. Rxe5 e6 22. Rb5 Rab8 23. Rxb8 Rxb8 24. Rd1 Rc8 25. Rc1 Rc5 26. Kf1 Rh5
27. c4 Kf8 28. Ke2 Ra5 29. Kd3 Rxa2 30. Kc2 Ra5 31. Kb3 Rf5 32. Kxb4 Rxf3 33.
c5 Ke8 34. Ra1 Rxf2 35. b3 Kd7 36. Kb5 Rf4 37. Rxa7+ Kd8 38. Ra4 Rf3 39. b4 e5
40. Kb6 e4 41. c6 Rc3 42. b5 e3 43. Rd4+ Ke7 44. c7 f5 45. Rd3 Rxd3 46. c8=Q e2
47. Qc1 f4 48. Qe1 f3 49. Qh4+ Kf8 50. Qf6+ 1/2-1/2